[Event "GBR-ch Major op 109th"]
[Site "Leicester"]
[Date "2023.07.23"]
[Round "2"]
[White "Brown, Tom"]
[Black "Mize, Dylan"]
[Result "1/2-1/2"]
[WhiteElo "1959"]
[BlackElo "1744"]
[PlyCount "48"]
[EventDate "2023.07.22"]
[EventType "swiss"]
[EventRounds "9"]
[EventCountry "ENG"]
[SourceTitle "EXT 2024"]
[Source "ChessBase"]
[SourceDate "2023.10.10"]
[SourceVersion "1"]
[SourceVersionDate "2023.10.10"]
[SourceQuality "1"]

1. d4 Nf6 2. Nf3 e6 3. c4 Bb4+ 4. Bd2 Qe7 5. g3 Nc6 6. Bg2 Bxd2+ 7. Nbxd2 d6 8. 0-0 0-0 9. e4 e5 10. d5 Nb8 11. Ne1 a5 12. Nd3 Nbd7 13. Qc2 b6 14. Nb1 Nc5 15. Nc3 Bd7 16. b3 c6 17. Nxc5 bxc5 18. dxc6 Bxc6 19. Rad1 Ne8 20. Rd2 Nc7 21. Bh3 Na6 22. Rfd1 Rfd8 23. a3 Nc7 24. Rd3 Rab8 1/2-1/2

[Event "ENG-ch Chessable"]
[Site "Kenilworth"]
[Date "2023.05.28"]
[Round "6"]
[White "Turner, Lewis A"]
[Black "Brown, Tom"]
[Result "1/2-1/2"]
[WhiteElo "1807"]
[BlackElo "1959"]
[PlyCount "106"]
[EventDate "2023.05.26"]
[EventType "swiss"]
[EventRounds "7"]
[EventCountry "ENG"]
[SourceTitle "CBM 214 Extra"]
[Source "ChessBase"]
[SourceDate "2023.07.31"]
[SourceVersion "1"]
[SourceVersionDate "2023.07.31"]
[SourceQuality "1"]

1. e4 c6 2. d4 d5 3. e5 Bf5 4. h4 h5 5. Bg5 Qb6 6. Bd3 Bxd3 7. Qxd3 e6 8. Nd2 c5 9. c4 Qxb2 10. Nb3 cxd4 11. Ne2 Bb4+ 12. Kf1 Qa3 13. Nexd4 Qa6 14. Nb5 Qb6 15. cxd5 exd5 16. Rc1 Na6 17. Qxd5 Ne7 18. Bxe7 Bxe7 19. Nd6+ Bxd6 20. exd6 0-0 21. Rh3 Rad8 22. d7 Nb8 23. Qxh5 Nxd7 24. Rg3 Qf6 25. Qg5 Qxg5 26. Rxg5 Rc8 27. Rd1 Nf6 28. f3 Rfd8 29. Rxd8+ Rxd8 30. Ra5 a6 31. Ra4 Rd5 32. Rc4 g6 33. Kf2 Kg7 34. Rc7 Rd7 35. Rxd7 Nxd7 36. Ke3 Kf6 37. Kd4 b6 38. Kd5 Ne5 39. Nd2 Nd3 40. Kc6 Nb4+ 41. Kxb6 Nxa2 42. Kxa6 Kf5 43. g3 Nc3 44. Kb6 Ne2 45. g4+ Kf4 46. Kc5 f5 47. g5 Ke3 48. Nc4+ Kxf3 49. Ne5+ Kg3 50. Nxg6 f4 51. Ne5 f3 52. g6 Nf4 53. Nxf3 Kxf3 1/2-1/2

[Event "Birmingham op"]
[Site "Birmingham"]
[Date "2022.11.19"]
[Round "1"]
[White "Brown, Tom"]
[Black "Polakhare, Aryan"]
[Result "1/2-1/2"]
[WhiteElo "1993"]
[BlackElo "2166"]
[PlyCount "58"]
[EventDate "2022.11.19"]
[EventType "swiss"]
[EventRounds "5"]
[EventCountry "ENG"]
[SourceTitle "CBM 211 Extra"]
[Source "ChessBase"]
[SourceDate "2023.01.31"]
[SourceVersion "1"]
[SourceVersionDate "2023.01.31"]
[SourceQuality "1"]

1. d4 Nf6 2. Nf3 e6 3. c4 b6 4. a3 Bb7 5. Nc3 d5 6. Bg5 Be7 7. e3 Nbd7 8. cxd5 exd5 9. Bd3 0-0 10. 0-0 h6 11. Bh4 Ne4 12. Bxe7 Qxe7 13. Rc1 c5 14. dxc5 Ndxc5 15. Bb1 Rfd8 16. Ne2 Ba6 17. Re1 Qe8 18. Nfd4 Rac8 19. b4 Na4 20. Rxc8 Rxc8 21. Bxe4 dxe4 22. Nf4 Bc4 23. Qg4 Rd8 24. Nf5 Qe5 25. Nxh6+ Kf8 26. Nf5 Qc3 27. Rd1 Rxd1+ 28. Qxd1 Bd3 29. h4 Nb2 1/2-1/2

[Event "English Online Blitz Gp2"]
[Site "Chess.com INT"]
[Date "2020.05.09"]
[Round "10"]
[White "Pein, Malcolm"]
[Black "Brown, Tom"]
[Result "0-1"]
[WhiteElo "2309"]
[BlackElo "2005"]
[PlyCount "70"]
[EventDate "2020.05.09"]
[EventType "swiss (blitz)"]
[EventRounds "11"]
[EventCountry "ENG"]
[SourceTitle "CBM 196 Extra"]
[Source "ChessBase"]
[SourceDate "2020.07.31"]
[SourceVersion "1"]
[SourceVersionDate "2020.07.31"]
[SourceQuality "1"]

1. d4 d5 2. Nf3 Nf6 3. c4 dxc4 4. e3 e6 5. Bxc4 a6 6. 0-0 c5 7. dxc5 Qxd1 8. Rxd1 Bxc5 9. b3 0-0 10. Bb2 b5 11. Be2 Bb7 12. Nc3 Nbd7 13. Rac1 Be7 14. a4 b4 15. Nb1 Rac8 16. Nbd2 Nb6 17. Ne5 Rfd8 18. Ndc4 Nxc4 19. Nxc4 h6 20. Kf1 Ne4 21. Bf3 Nc5 22. Na5 Bxf3 23. gxf3 Rxd1+ 24. Rxd1 Bd8 25. Nc6 Rxc6 26. Rxd8+ Kh7 27. Rb8 a5 28. Ke2 Nxb3 29. Kd3 Nc5+ 30. Kd4 Nxa4 31. Ba1 Nc3 32. Bb2 Rd6+ 33. Kc4 Rd2 34. Bxc3 Rc2 35. Kb5 bxc3 0-1

[Event "GBR-ch Major 106th"]
[Site "Torquay"]
[Date "2019.08.04"]
[Round "9"]
[White "Brown, Tom"]
[Black "Whitehead, Mark A"]
[Result "1-0"]
[WhiteElo "1953"]
[BlackElo "1887"]
[PlyCount "69"]
[EventDate "2019.07.27"]
[EventType "swiss"]
[EventRounds "9"]
[EventCountry "ENG"]
[SourceTitle "EXT 2020"]
[Source "ChessBase"]
[SourceDate "2019.10.17"]
[SourceVersion "1"]
[SourceVersionDate "2019.10.17"]
[SourceQuality "1"]

1. d4 Nf6 2. c4 e6 3. Nc3 Bb4 4. e3 b6 5. Bd3 Bb7 6. Nf3 Ne4 7. Qc2 f5 8. 0-0 Bxc3 9. bxc3 c5 10. Nd2 Nxd2 11. Bxd2 0-0 12. f3 Nc6 13. Rab1 Qe7 14. Be1 d6 15. Bf2 Rad8 16. e4 Qf6 17. dxc5 dxc5 18. Bxc5 Rf7 19. Be3 f4 20. Bf2 Rfd7 21. Rfd1 Ba6 22. Bf1 Na5 23. Rxd7 Rxd7 24. c5 Bxf1 25. Rxf1 Qd8 26. cxb6 axb6 27. Qa4 Qc7 28. Rd1 Rxd1+ 29. Qxd1 Nc4 30. Qd4 Kf7 31. g3 b5 32. Kg2 Kg6 33. h4 e5 34. Qd5 fxg3 35. Qe6+ 1-0

[Event "GBR-ch AM op 106th"]
[Site "Torquay"]
[Date "2019.08.01"]
[Round "4"]
[White "Brown, Tom"]
[Black "Burke, Mitchell R"]
[Result "1-0"]
[WhiteElo "1953"]
[BlackElo "2013"]
[PlyCount "69"]
[EventDate "2019.07.29"]
[EventType "swiss"]
[EventRounds "5"]
[EventCountry "ENG"]
[SourceTitle "EXT 2021"]
[Source "ChessBase"]
[SourceDate "2020.10.23"]
[SourceVersion "1"]
[SourceVersionDate "2020.10.23"]
[SourceQuality "1"]

1. d4 Nf6 2. Nf3 g6 3. Nbd2 Bg7 4. e4 d6 5. Bd3 0-0 6. 0-0 Nbd7 7. Re1 e5 8. c3 c6 9. a4 a5 10. Nf1 Qc7 11. Ng3 Re8 12. h3 d5 13. exd5 Nxd5 14. Bc4 N7b6 15. Bb3 Bd7 16. dxe5 Bxe5 17. Nxe5 Rxe5 18. Rxe5 Qxe5 19. Bh6 Re8 20. Qd2 Bc8 21. Kf1 Nd7 22. Bxd5 Qxd5 23. Qxd5 cxd5 24. Be3 Ne5 25. b3 Be6 26. Bb6 Ra8 27. Ne2 Bf5 28. Rd1 Nd7 29. Be3 Nf6 30. Bd4 Ne4 31. f3 Ng5 32. Bf6 Ne6 33. Rxd5 Bc2 34. Nc1 b6 35. Rd2 1-0

[Event "GBR-ch Major 106th"]
[Site "Torquay"]
[Date "2019.07.28"]
[Round "2"]
[White "Brown, Tom"]
[Black "Taylor, Adam A"]
[Result "1/2-1/2"]
[WhiteElo "1953"]
[BlackElo "2168"]
[PlyCount "63"]
[EventDate "2019.07.27"]
[EventType "swiss"]
[EventRounds "9"]
[EventCountry "ENG"]
[SourceTitle "EXT 2020"]
[Source "ChessBase"]
[SourceDate "2019.10.17"]
[SourceVersion "1"]
[SourceVersionDate "2019.10.17"]
[SourceQuality "1"]

1. d4 Nf6 2. c4 e6 3. Nc3 Bb4 4. e3 d5 5. Nf3 0-0 6. Bd3 c5 7. 0-0 dxc4 8. Bxc4 Nbd7 9. a3 Bxc3 10. bxc3 b6 11. a4 Bb7 12. Ba3 Qc7 13. Rc1 Rad8 14. Qe2 e5 15. Rfd1 e4 16. Nd2 Rfe8 17. Nb3 Bc6 18. a5 Ba4 19. Bxf7+ Kxf7 20. Qc4+ Kg6 21. Qxa4 c4 22. Nd2 Rc8 23. axb6 axb6 24. Qc2 Ra8 25. Ra1 Qc6 26. Bb4 Kf7 27. Ra2 Rxa2 28. Qxa2 b5 29. Ra1 Nd5 30. Qb2 Kg8 31. h3 N7b6 32. Ra3 1/2-1/2

[Event "GBR-ch 105th Morning op"]
[Site "Hull"]
[Date "2018.07.31"]
[Round "2"]
[White "Ferrie, Peter"]
[Black "Brown, Tom"]
[Result "0-1"]
[WhiteElo "1515"]
[BlackElo "2066"]
[PlyCount "58"]
[EventDate "2018.07.30"]
[EventType "swiss"]
[EventRounds "5"]
[EventCountry "ENG"]
[SourceTitle "EXT 2019"]
[Source "ChessBase"]
[SourceDate "2018.10.10"]
[SourceVersion "1"]
[SourceVersionDate "2018.10.10"]
[SourceQuality "1"]

1. d4 g6 2. c4 Nf6 3. Nc3 Bg7 4. e4 d6 5. Be2 0-0 6. Nf3 c5 7. d5 e6 8. Qc2 exd5 9. cxd5 Na6 10. a3 Nc7 11. 0-0 Re8 12. Bg5 h6 13. Bh4 g5 14. Nxg5 hxg5 15. Bxg5 Qd7 16. f4 Ng4 17. Rf3 Bd4+ 18. Kh1 Nf2+ 19. Kg1 Nxe4+ 20. Kf1 Nxg5 21. fxg5 Qe7 22. Bd3 Bxc3 23. Bh7+ Kg7 24. g6 f6 25. Qxc3 Qe5 26. Qd2 Qxh2 27. Kf2 Bg4 28. Rh1 Qxh1 29. Rxf6 Qh4+ 0-1

[Event "GBR-ch Major 105th"]
[Site "Hull"]
[Date "2018.07.29"]
[Round "2"]
[White "Brown, Tom"]
[Black "Hubbard, Michael"]
[Result "0-1"]
[WhiteElo "1781"]
[BlackElo "1888"]
[PlyCount "78"]
[EventDate "2018.07.28"]
[EventType "swiss"]
[EventRounds "9"]
[EventCountry "ENG"]
[SourceTitle "CBM 185 Extra"]
[Source "ChessBase"]
[SourceDate "2018.07.29"]
[SourceVersion "1"]
[SourceVersionDate "2018.07.29"]
[SourceQuality "1"]

1. d4 d6 2. Nf3 Bg4 3. e4 Nf6 4. h3 Bh5 5. Nc3 c6 6. g4 Bg6 7. Qe2 e6 8. Bg2 Be7 9. Nd2 d5 10. Nb3 a5 11. a4 Na6 12. Bd2 Nb4 13. 0-0-0 Qb6 14. f4 dxe4 15. Nxe4 0-0-0 16. Rhf1 h5 17. f5 exf5 18. gxf5 Bh7 19. Ng5 Rhe8 20. Nxf7 Rd7 21. Ne5 Rdd8 22. Bxb4 Bxb4 23. Qf3 Bg8 24. Nd3 Bxb3 25. Nxb4 Bxa4 26. Na2 Bb5 27. Rfe1 Rxe1 28. Rxe1 Qxd4 29. Rd1 Qxd1+ 30. Qxd1 Rxd1+ 31. Kxd1 Bc4 32. Nc3 Kd7 33. Kd2 Kd6 34. b3 Bg8 35. Ke3 Ke5 36. Ne4 Nxe4 37. Bxe4 Bd5 38. Bd3 h4 39. c4 Bg2 0-1

[Event "Gibraltar U16 op"]
[Site "Caleta"]
[Date "2017.08.18"]
[Round "2"]
[White "Brown, Tom"]
[Black "Galiana Fernandez, Adrian"]
[Result "0-1"]
[WhiteElo "1601"]
[BlackElo "2295"]
[PlyCount "110"]
[EventDate "2017.08.18"]
[EventType "swiss"]
[EventRounds "6"]
[EventCountry "GGB"]
[SourceTitle "CBM 180 Extra"]
[Source "ChessBase"]
[SourceDate "2017.10.06"]
[SourceVersion "1"]
[SourceVersionDate "2017.10.06"]
[SourceQuality "1"]

1. d4 d5 2. Nf3 Nf6 3. Bf4 c5 4. e3 Nc6 5. dxc5 Bg4 6. Be2 e6 7. 0-0 Bxc5 8. c4 0-0 9. Nc3 dxc4 10. Qxd8 Rfxd8 11. Bxc4 Bxf3 12. gxf3 Rd2 13. a3 Be7 14. e4 Rd7 15. Rfd1 Rad8 16. Rxd7 Rxd7 17. Rd1 Rxd1+ 18. Nxd1 Kf8 19. Nc3 Ke8 20. Be3 Nd7 21. f4 Bc5 22. Bb5 a6 23. Bxc6 bxc6 24. Kf1 Be7 25. Ke2 Kd8 26. Kd3 Kc7 27. Na4 c5 28. Kc4 Kc6 29. f3 g6 30. h3 Bd6 31. e5 Bf8 32. Nc3 Nb6+ 33. Kd3 Nd5 34. Ne4 Bh6 35. Bxc5 Nxf4+ 36. Kc4 Bg7 37. Bd4 Nxh3 38. Nd6 f5 39. exf6 Bxf6 40. Bxf6 Kxd6 41. b4 e5 42. b5 axb5+ 43. Kxb5 Ng1 44. a4 Nxf3 45. Kb6 Nd4 46. a5 Nc6 47. a6 e4 48. Bd4 h5 49. Be3 h4 50. Kb5 Kd5 51. a7 Nxa7+ 52. Bxa7 h3 53. Bg1 e3 54. Kb4 e2 55. Bf2 h2 0-1

[Event "Gibraltar U16 op"]
[Site "Caleta"]
[Date "2017.08.18"]
[Round "1"]
[White "Diaz Mino, Pablo"]
[Black "Brown, Tom"]
[Result "1/2-1/2"]
[WhiteElo "2014"]
[BlackElo "1601"]
[PlyCount "174"]
[EventDate "2017.08.18"]
[EventType "swiss"]
[EventRounds "6"]
[EventCountry "GGB"]
[SourceTitle "CBM 180 Extra"]
[Source "ChessBase"]
[SourceDate "2017.10.06"]
[SourceVersion "1"]
[SourceVersionDate "2017.10.06"]
[SourceQuality "1"]

1. d4 d5 2. c4 dxc4 3. e3 Nf6 4. Bxc4 e6 5. Nf3 c5 6. 0-0 a6 7. Nc3 b5 8. Be2 Bb7 9. a3 Nbd7 10. dxc5 Nxc5 11. b4 Nce4 12. Nxe4 Bxe4 13. Bb2 Be7 14. Nd4 0-0 15. Nb3 Qxd1 16. Bxd1 Rac8 17. Bd4 Nd7 18. Rc1 Rxc1 19. Nxc1 Rc8 20. Bb3 a5 21. f3 Bb7 22. Nd3 a4 23. Ba2 Bd6 24. Rc1 Rxc1+ 25. Nxc1 e5 26. Bb2 Nb6 27. e4 Kf8 28. Ne2 Bc6 29. Bc1 Bc7 30. Nc3 f6 31. Be3 Ke8 32. Kf1 Kd7 33. Bc5 Ke8 34. Bg8 Nc4 35. Bxc4 bxc4 36. Ke2 Bd8 37. Kd2 Be7 38. Bxe7 Kxe7 39. b5 Bd7 40. Nd5+ Kd6 41. b6 Bc6 42. Kc3 Kc5 43. Ne3 Kxb6 44. Kxc4 Bb5+ 45. Kb4 Kc6 46. h4 g6 47. Nc4 h6 48. Ne3 Be2 49. Kxa4 Kc5 50. Kb3 Kd4 51. Nc2+ Kd3 52. Nb4+ Ke3 53. Kc2 Kf2 54. Kd2 Bb5 55. Nd5 Kxg2 56. Ke3 f5 57. exf5 gxf5 58. Ne7 Bd7 59. Ng6 e4 60. fxe4 fxe4 61. Kxe4 Kg3 62. h5 Ba4 63. Ke5 Kg4 64. Nf4 Kg5 65. Ke4 Kg4 66. Ke3 Kg5 67. Kf3 Bc6+ 68. Kg3 Ba4 69. Kf3 Bc6+ 70. Ke3 Ba4 71. Ke4 Kg4 72. Ke5 Kg5 73. Ng2 Kxh5 74. Kf5 Bc2+ 75. Kf4 Kg6 76. Nh4+ Kf6 77. Nf3 h5 78. Kg3 Be4 79. Nd2 Bc6 80. Kh4 Kg6 81. Nc4 Bb5 82. Ne5+ Kf5 83. Nf7 Ke6 84. Ng5+ Kd5 85. Nf3 Kc4 86. Nd2+ Kc3 87. Nf3 Kb3 1/2-1/2

[Event "GBR-ch Major 104th"]
[Site "Llandudno"]
[Date "2017.08.06"]
[Round "9"]
[White "Brown, Tom"]
[Black "Young, Daniel"]
[Result "1-0"]
[WhiteElo "2063"]
[BlackElo "1963"]
[PlyCount "119"]
[EventDate "2017.07.29"]
[EventType "swiss"]
[EventRounds "9"]
[EventCountry "WLS"]
[SourceTitle "CBM 179 Extra"]
[Source "ChessBase"]
[SourceDate "2017.08.23"]
[SourceVersion "1"]
[SourceVersionDate "2017.08.23"]
[SourceQuality "1"]

1. d4 d5 2. c4 c6 3. Nf3 Nf6 4. e3 e6 5. Nc3 Nbd7 6. Bd3 dxc4 7. Bxc4 b5 8. Be2 Bb7 9. 0-0 Be7 10. e4 b4 11. e5 bxc3 12. exf6 Bxf6 13. bxc3 c5 14. Rb1 Be4 15. Bd3 Bxd3 16. Qxd3 0-0 17. Qa6 cxd4 18. cxd4 Nb6 19. Ba3 Re8 20. Bc5 Qd5 21. a4 Be7 22. Rb5 Bxc5 23. dxc5 Nc4 24. c6 Qd6 25. Rb7 Nb6 26. a5 Nd5 27. Rxa7 Rxa7 28. Qxa7 Qxc6 29. Qxf7+ Kxf7 30. Ne5+ Ke7 31. Nxc6+ Kd6 32. Nd4 Kc5 33. Nf3 h6 34. h3 Ra8 35. Ra1 Ra6 36. Kh2 Kb4 37. Kg3 Kb3 38. Nd4+ Kc3 39. Ne2+ Kb2 40. Ra4 Kb3 41. Re4 Rxa5 42. Rxe6 Nf6 43. h4 Kc4 44. Re7 Nh5+ 45. Kh3 Kd5 46. g4 Kd6 47. Rb7 Re5 48. Nd4 Nf4+ 49. Kg3 g5 50. h5 Kc5 51. Nf5 Nxh5+ 52. Kf3 Nf4 53. Nxh6 Ne6 54. Nf5 Nd4+ 55. Nxd4 Kxd4 56. Rd7+ Kc5 57. Rf7 Kd6 58. Rf5 Re1 59. Rxg5 Ke7 60. Rf5 1-0

[Event "GBR-ch Major 104th"]
[Site "Llandudno"]
[Date "2017.08.01"]
[Round "4"]
[White "Rushbrooke, Remy"]
[Black "Brown, Tom"]
[Result "1/2-1/2"]
[WhiteElo "1909"]
[BlackElo "2063"]
[PlyCount "62"]
[EventDate "2017.07.29"]
[EventType "swiss"]
[EventRounds "9"]
[EventCountry "WLS"]
[SourceTitle "CBM 179 Extra"]
[Source "ChessBase"]
[SourceDate "2017.08.23"]
[SourceVersion "1"]
[SourceVersionDate "2017.08.23"]
[SourceQuality "1"]

1. d4 d5 2. Nc3 c6 3. e4 dxe4 4. Nxe4 Bf5 5. Ng3 Bg6 6. Nf3 Nf6 7. h4 Nh5 8. Nxh5 Bxh5 9. Be2 e6 10. c3 Be7 11. Bf4 Nd7 12. Qd2 Bxf3 13. Bxf3 Bxh4 14. Qc2 Bg5 15. Bxg5 Qxg5 16. Rh5 Qf4 17. Qb3 0-0 18. Qxb7 Nf6 19. Re5 Rab8 20. Qxc6 Rxb2 21. Re2 Rxe2+ 22. Kxe2 e5 23. g3 Qf5 24. dxe5 Rc8 25. Qd6 Ne8 26. Qd4 Qc2+ 27. Qd2 Rxc3 28. Rd1 Kf8 29. Qxc2 Rxc2+ 30. Rd2 Rc5 31. Rd5 Rc2+ 1/2-1/2

[Event "BCF-ch Week2 PM op"]
[Site "Bournemouth"]
[Date "2016.08.05"]
[Round "5"]
[White "Brown, Tom"]
[Black "Gibbs, Daniel C"]
[Result "1/2-1/2"]
[WhiteElo "1525"]
[BlackElo "1819"]
[PlyCount "36"]
[EventDate "2016.08.01"]
[EventType "swiss"]
[EventRounds "5"]
[EventCountry "ENG"]
[SourceTitle "CBM 173 Extra"]
[Source "ChessBase"]
[SourceDate "2016.08.29"]
[SourceVersion "1"]
[SourceVersionDate "2016.08.29"]
[SourceQuality "1"]

1. d4 d6 2. Nf3 Bg4 3. e4 Nd7 4. h3 Bh5 5. Bd3 e5 6. c3 Ngf6 7. Bg5 Be7 8. 0-0 0-0 9. Re1 c6 10. Nbd2 Re8 11. Nf1 exd4 12. cxd4 Qb6 13. g4 Bg6 14. Qc2 c5 15. d5 Qd8 16. Qb1 a6 17. Ng3 Bf8 18. a4 c4 1/2-1/2